00673nam a22002171i 450000500170000000800410001702000380005804000250009608200170012110000310013824500560016926400350022526400110026030000230027133600210029433700250031533800230034065000210036365000320038465000390041620210906093511.0210906t20192021-uk |||g ||| 000 0 eng d a9780008434045cRM 46.50qhardback aPPAKbengcPPAKerda04223a363.73871 aFranzen, Jonathaneauthor.10aWhat if We Stopped Pretending ? /cJonathan Franzen 1aLondon :b4th Estate, c2021.  4c©2021 a70 pages ;c19 cm. 2rdacontentatext 2rdamediaaunmediated 2rdacarrieravolume10aClimatic changes20aGlobal environmental change20aNature xEffect of human beings on